| 000 | 00532nam a22001932 4500 | ||
|---|---|---|---|
| 001 | 0000006150 | ||
| 005 | 20151217145830.0 | ||
| 008 | 070920s xx 000 0 eng d | ||
| 020 |
_a0074933112 : _cKES 710 |
||
| 040 |
_aKABU _cKABU |
||
| 100 | 1 |
_aBalagurusamy, E. _@0000154341 |
|
| 245 | 1 | 0 | _aNumerical methods. |
| 260 |
_aNew Delhi : _bTata McGraw-Hill, _c1999. |
||
| 300 | _axvi, 608 p. | ||
| 650 | 0 |
_aNumerical analysis. _@0000154812 |
|
| 908 | _a070920 | ||
| 950 | _@1 | ||
| 999 |
_c3061 _d3061 |
||